000 00469nam a2200181Ia 4500
001 1505
005 20260306143733.0
008 260306t2015||||xx |||||||||||||| ||spa||
041 _aESP
082 _a150.3
_bD53
100 _aDelgado Losada, Ma. Luisa
_eAUT
245 0 _aFundamentos de psicologĂ­a:
_bpara ciencias sociales y de la salud
260 _c2015
300 _axx, 506 páginas :
_c28 cm.
650 _aGEN
654 _aCPS
942 _cLIB
_dJUS
_fJUS
_2ddc
_n
999 _c1505
_d1505